Negociando identidades, traspasando fronteras: tendencias en la literatura y el cine mexicano en torno al nuevo milenio
Gorde:
| Egile Nagusiak: | , |
|---|---|
| Formatua: | Liburua |
| Hizkuntza: | gaztelania |
| Argitaratua: |
Madrid
Iberoamericana
2008
|
| Saila: | Estudios Latinoamericanos, 49
|
| Gaiak: | |
| Etiketak: |
Etiketa erantsi
Etiketarik gabe, Izan zaitez lehena erregistro honi etiketa jartzen!
|
MARC
| LEADER | 00000nam a2200000 a 4500 | ||
|---|---|---|---|
| 001 | UCI9471 | ||
| 003 | CL-VaPUC | ||
| 008 | 081120e20080000SP |||||||||||||||||spa|d | ||
| 020 | |a 9788484893608 | ||
| 082 | 0 | 4 | |a Me860.9 |b IGL |2 21 |
| 100 | 0 | |a Igler, Susanne |e author |9 533242 | |
| 700 | 0 | |a Stauder, Thomas |e author |9 533243 | |
| 245 | 1 | 0 | |a Negociando identidades, traspasando fronteras: tendencias en la literatura y el cine mexicano en torno al nuevo milenio |
| 300 | |a 279 p | ||
| 942 | |c BK | ||
| 945 | |d 20081120 00:00:00 |a rbrito | ||
| 260 | |a Madrid |b Iberoamericana |c 2008 | ||
| 650 | 0 | |a Literatura mexicana |9 313097 | |
| 650 | 0 | |a Crítica literaria |9 269189 | |
| 650 | 0 | |a Historia y crítica |9 257407 | |
| 650 | 7 | |a NOVELA MEXICANA |2 CL-VaPUC |9 345426 | |
| 650 | 7 | |a CINE MEXICANO |2 CL-VaPUC |9 533244 | |
| 583 | |a last modification |c 20081120 00:00:00 |k Rodrigo Vera | ||
| 490 | 0 | |a Estudios Latinoamericanos, 49 | |
| 999 | |c 331995 |d 331993 | ||
| 952 | |0 0 |1 0 |4 0 |6 ME_860_900000000000000_IGL_2008 |7 0 |8 A |9 419309 |a FDOPOS |b FDOPOS |d 2019-11-22 |i 4499689 |o Me860.9 IGL 2008 |p 4499689 |r 2025-01-22 |w 2019-11-22 |y BK |k DLH | ||